Personnages célèbres - Série 78 - Statistiques

Statistiques générales
  • Ce quiz a été pris 110 fois
  • Le résultat moyen est 11 sur 15
Statistiques - réponses
Par images Hint Réponse % Correct
Elton - chanteur John
100%
Barack - politique Obama
100%
Mahatma - politique Gandhi
95%
Kim - people Kardashian
94%
Katy - chanteuse Perry
94%
Steve - PDG d'Apple Jobs
87%
Tiger - golf Woods
81%
Kristen - actrice Stewart
72%
Daphné - animatrice TV Bürki
66%
Megan - actrice Fox
65%
Katharine - actrice Hepburn
58%
Eugène - dramaturge Ionesco
56%
Bette - actrice Davis
49%
Cara - actrice Delevingne
34%
José dit "Pépé" - politique Mujica
9%
Aucun quiz correspondant
Distribution des résultats
% des personnes avec chaque résultat
Percentile par nombre de réponses
Votre historique - résultats
Vous n’avez pas pris ce quiz